El concilio y la ONU en la libertad religiosa de los pueblos / (Registro nro. 25778)
[ vista simple ]
| 000 -LEADER | |
|---|---|
| fixed length control field | 00837cam a2200253 i 4500 |
| 001 - CONTROL NUMBER | |
| control field | 25778 |
| 003 - CONTROL NUMBER IDENTIFIER | |
| control field | Mx-PuUPA |
| 005 - DATE AND TIME OF LATEST TRANSACTION | |
| control field | 20200814121622.0 |
| 008 - FIXED-LENGTH DATA ELEMENTS--GENERAL INFORMATION | |
| fixed length control field | 140415s1966 sp gr 001 0 spa d |
| 040 ## - CATALOGING SOURCE | |
| Original cataloging agency | Mx-PuUPA |
| Language of cataloging | spa |
| Transcribing agency | Mx-PuUPA |
| Modifying agency | Mx-PuUPA |
| Description conventions | rda |
| 041 0# - LANGUAGE CODE | |
| Language code of text/sound track or separate title | spa |
| 100 1# - MAIN ENTRY--PERSONAL NAME | |
| Personal name | Valcarce Alfayate, Enrique, |
| Relator term | autor |
| 245 13 - TITLE STATEMENT | |
| Title | El concilio y la ONU en la libertad religiosa de los pueblos / |
| Statement of responsibility, etc. | Enrique Valcarce Alfayate ; prólogo de Jorge Vagón |
| 264 #1 - PRODUCTION, PUBLICATION, DISTRIBUTION, MANUFACTURE, AND COPYRIGHT NOTICE | |
| Place of production, publication, distribution, manufacture | Madrid : |
| Name of producer, publisher, distributor, manufacturer | Afrodisio Aguado, |
| Date of production, publication, distribution, manufacture, or copyright notice | ©1966 |
| 300 ## - PHYSICAL DESCRIPTION | |
| Extent | 79 páginas ; |
| Dimensions | 20 cm |
| 336 ## - CONTENT TYPE | |
| Fuente | rdacontent |
| Content type term | texto |
| Content type code | txt |
| 337 ## - MEDIA TYPE | |
| Source | rdamedia |
| Media type term | sin medio |
| Media type code | n |
| 338 ## - CARRIER TYPE | |
| Source | rdacarrier |
| Carrier type term | volumen |
| Carrier type code | nc |
| 650 #4 - SUBJECT ADDED ENTRY--TOPICAL TERM | |
| Topical term or geographic name entry element | Libertad de religión |
| 700 1# - ADDED ENTRY--PERSONAL NAME | |
| Personal name | Vagón, Jorge, |
| Relator term | prologuista |
| 942 ## - ADDED ENTRY ELEMENTS (KOHA) | |
| Source of classification or shelving scheme | Dewey Decimal Classification |
| Koha item type | Libro |
| Classification part | 262.5 |
| Item part | V135 |
| Withdrawn status | Lost status | Source of classification or shelving scheme | Damaged status | Not for loan | Collection code | Home library | Current library | Shelving location | Date acquired | Source of acquisition | Total Checkouts | Full call number | Barcode | Date last seen | Price effective from | Koha item type |
|---|---|---|---|---|---|---|---|---|---|---|---|---|---|---|---|---|
| Dewey Decimal Classification | General | Biblioteca Karol Wojtyla | Biblioteca Karol Wojtyla | Sala general | 03/12/2013 | Compra | 262.5 V135 1966 | 4798 | 05/01/2026 | 03/12/2013 | Libro |